Epic: The Musical - Mutiny Part 1 - Statistics

General Stats
  • This quiz has been taken 40 times
  • The average score is 224 of 234
Answer Stats
Hint Answer % Correct
a
100%
and
100%
And
100%
are
100%
can
100%
can't!
100%
Captain...
100%
crew.
100%
did
100%
didn't
100%
do.
100%
eyes
100%
get
100%
have
100%
he
100%
how
100%
PERIMEDES How
100%
ODYSSEUS I
100%
EURYLOCHUS If
100%
in
100%
is
100%
just
100%
lives
100%
Look
100%
me
100%
me,
100%
men!
100%
must
100%
my
100%
My
100%
no
100%
EURYLOCHUS No
100%
not
100%
on
100%
sacrifice
100%
Say
100%
say
100%
six
100%
EURYLOCHIS Tell
100%
tell
100%
that
100%
That
100%
the
100%
this
100%
we
100%
We
100%
who
100%
would
100%
you
100%
You
100%
you,
100%
behind
96%
blame!
96%
brother,
96%
carry
96%
cyclops,
96%
done
96%
ODYSSEUS Don't
96%
end...
96%
CREW Eurylochus...
96%
CREW Eurylochus,
96%
forced
96%
friends...
96%
gods
96%
hand...
96%
happen...
96%
home
96%
it
96%
it.
96%
know
96%
left
96%
make
96%
man.
96%
miss
96%
Odysseus,
96%
Odysseus...
96%
of
96%
own
96%
pay.
96%
power,
96%
price
96%
ran.
96%
same.
96%
so
96%
some
96%
something!
96%
EIRYLOCHUS Then
96%
then
96%
There
96%
to
96%
way!
96%
weapon.
96%
When
96%
when
96%
wife
96%
won't
96%
your
96%
all
91%
am
91%
bad...
91%
bad,
91%
brothers...
91%
But
91%
Circe,
91%
down.
91%
fought
91%
I'm
91%
letting
91%
luck's
91%
mad!
91%
monster,
91%
now?
91%
Now
91%
Now,
91%
our
91%
out.
91%
painfully
91%
plan.
91%
quick
91%
run
91%
sent.
91%
stand...
91%
supposed
91%
time
91%
trade
91%
trick
91%
trust
91%
Use
91%
was
91%
were
91%
Why?...
91%
wit
91%
you'd
91%
crazy
87%
died
87%
fight
87%
hatch
87%
ODYSSEUS Lower
87%
saw
87%
shut
87%
want
87%
with
87%
wits
87%
come,
83%
come
83%
has
83%
CREW relied
83%
take
83%
try
83%
up
83%
gave
78%
PERIMEDES Woah...
52%
No matching quizzes found
Score Distribution
Percent of People with Each Score
Percentile by Number Answered
Your Score History
You have not taken this quiz